7th annual report & accounts 1973-74. (Record no. 690474)

MARC details
000 -LEADER
fixed length control field 00744nam a2200241Ia 4500
003 - CONTROL NUMBER IDENTIFIER
control field OSt
005 - DATE AND TIME OF LATEST TRANSACTION
control field 20220927105039.0
008 - FIXED-LENGTH DATA ELEMENTS--GENERAL INFORMATION
fixed length control field 220926b |||||||| |||| 00| 0 eng d
037 ## - SOURCE OF ACQUISITION
Terms of availability Reference Collections
040 ## - CATALOGING SOURCE
Original cataloging agency RTL
Transcribing agency RTL
Language of cataloging eng
041 ## - LANGUAGE CODE
Source of code eng
Language code of text/sound track or separate title eng
110 ## - MAIN ENTRY--CORPORATE NAME
Corporate name or jurisdiction name as entry element HARYANA AGRO-INDUSTRIES CORPORATION LTD
9 (RLIN) 369887
245 #0 - TITLE STATEMENT
Title 7th annual report & accounts 1973-74.
260 ## - PUBLICATION, DISTRIBUTION, ETC.
Place of publication, distribution, etc. Chandigarh
Name of publisher, distributor, etc. HAIC
Date of publication, distribution, etc. 1974
300 ## - PHYSICAL DESCRIPTION
Extent 44p.
Dimensions cm.
700 ## - ADDED ENTRY--PERSONAL NAME
Personal name HARYANA AGRO-INDUSTRIES CORPORATION LTD
9 (RLIN) 369888
942 ## - ADDED ENTRY ELEMENTS (KOHA)
Classification part "X9(J).2.N74<N73r, L4/GD"
Koha item type
Holdings
Withdrawn status Lost status Damaged status Not for loan Home library Current library Date acquired Total Checkouts Full call number Barcode Date last seen Price effective from Koha item type
        Ratan Tata Library Ratan Tata Library 2022-09-27   "X9(J).2.N74 RT0497020 2022-09-27 2022-09-27  
Copyright @ Delhi University Library System